000 00231nam a22000857a 4500
008 160916b xxu||||| |||| 00| 0 eng d
100 _9579
_aGupta.V.etal.
245 _aEnglish Mari Gold.W.B-5
260 _aNew Delhi
_bAPC Publications
_c2009
999 _c3236
_d3236